Faculty of Law Library — Cairo University

Official Online Catalog

Commission D'Experts Chargée D'examiner La Question De L'Aide Aux Victimes Des Conflits Internes/ (Record no. 71858)

MARC details
000 -LEADER
fixed length control field 01018nam a2200277 i 4500
003 - CONTROL NUMBER IDENTIFIER
control field EG-GICUC
005 - DATE AND TIME OF LATEST TRANSACTION
control field 20260419113328.0
008 - FIXED-LENGTH DATA ELEMENTS--GENERAL INFORMATION
fixed length control field 260419s1962 sz ||||fr|||| 00| 0 fre d
040 ## - CATALOGING SOURCE
Original cataloging agency EG-GiCUC
Language of cataloging fre
Transcribing agency EG-GiCUC
Modifying agency EG-GiCUC
Description conventions Rda
082 04 - DEWEY DECIMAL CLASSIFICATION NUMBER
Edition number 21
Classification number 341.69
Item number CO . C
092 04 - LOCALLY ASSIGNED DEWEY CALL NUMBER (OCLC)
Edition number 21
099 ## - LOCAL FREE-TEXT CALL NUMBER (OCLC)
Classification number Law1 11 341.69 CO . C 1962
110 ## - MAIN ENTRY--CORPORATE NAME
Corporate name or jurisdiction name as entry element Comité International De La Croix-Rouge
Relator term Auteur
245 ## - TITLE STATEMENT
Title Commission D'Experts Chargée D'examiner La Question De L'Aide Aux Victimes Des Conflits Internes/
Statement of responsibility, etc. Comité International De La Croix-Rouge.
264 #1 - PRODUCTION, PUBLICATION, DISTRIBUTION, MANUFACTURE, AND COPYRIGHT NOTICE
Place of production, publication, distribution, manufacture Genève :
Name of producer, publisher, distributor, manufacturer Comité International De La Croix-Rouge ,
Date of production, publication, distribution, manufacture, or copyright notice 1962 .
300 ## - PHYSICAL DESCRIPTION
Extent 9 page ;
Dimensions 24 cm.
336 ## - CONTENT TYPE
Source rda contenu
Content type term texte
337 ## - MEDIA TYPE
Source rda medias
Media type term Ordinateur
338 ## - CARRIER TYPE
Source transporteur rda
Carrier type term Ressource en ligne
546 ## - LANGUAGE NOTE
Language note Texte en français
650 ## - SUBJECT ADDED ENTRY--TOPICAL TERM
Topical term or geographic name entry element Droit International Public
650 ## - SUBJECT ADDED ENTRY--TOPICAL TERM
Topical term or geographic name entry element War Crimes -- International Law
856 40 - ELECTRONIC LOCATION AND ACCESS
Uniform Resource Identifier <a href="https://fll.law.cu.edu.eg/fulltext/bks/B11-09778.pdf">https://fll.law.cu.edu.eg/fulltext/bks/B11-09778.pdf</a>
905 ## - Cataloger and Reviser Names
Cataloger Name: Logain Ashraf
942 ## - ADDED ENTRY ELEMENTS (KOHA)
Source of classification or shelving scheme Dewey Decimal Classification
Suppress in OPAC No
Koha item type Books
Edition 21
Holdings
Withdrawn status Lost status Source of classification or shelving scheme Damaged status Not for loan Collection Home library Current library Date acquired Source of acquisition Total checkouts Full call number Barcode Date last seen Copy number Price effective from Koha item type
    Dewey Decimal Classification   Not for loan القانون الدولي العام جــــامعة القــاهرة مكتبة كلية الحقوق - المبنى الرئيسي 19.04.2026 إهداء مكتبة الأستاذ الدكتور صلاح عامر   Law1 11 341.69 CO . C 1962 1109778 C1 B11-09778 19.04.2026 1 19.04.2026 Books

© All rights reserved — Faculty of Law, Cairo University